01959nam a2200133 4500008001600000020001800016082002100034100002500055245005700080260003700137300003700174505149800211650011601709709.729.1 W429m a9781846380815 a709.729.1bW429m aWeiss, Rachel et al. aMaking Art (Part 1):bThe Third Havana Biennial 1989 aNueva YorkbAfterall Booksc2011 a250 p.bill (col)c21,5 x 16 cm  tIntroduction: Making Art Global rCharles Esche tA Certain Place and a Certain Time: The Third Bienal de La Habana and the Origins of the Global Exhibition rRachel WeisstThe Third Bienal del Habana in Its Global and Local Contexts rGerardo Mosquera tThe Third Bienal del La Habana 1989 rCity Maps t'Tres Mundos'tNúcleo 1 tRoberto DiagotJosé Bedia tEduardo Ramírez Villamizar tAhmed Nawar tRoberto Feleo tAntonio OletVictor Teixera (Viteix)t'Latin American Textiles't'Cuban Lithography't'Calligraphy in Contemporary Arab Painting'tNúcleo 2t'Bolivar in Wood Carvings't'Mexican Dolls't'African Wire Toys'tNúcleo 3t'The Tradition of Humour't'Messages from South Africa't'We Love You, Paraguay`t'Censored Photograph from Chile'tGraciela Iturbide tSebastião Salgado tJosé Tola tNúcleo 4 tCatalogue tRegulations tIntroduction rLlilian Llanes Godoy, 1989tNotes on the Art, Identity and Poverty of the Third WorldrMirko Lauer, 1989 tContemporary Cultural Practice: Some Polemical Categories rGeeta Kapur, 1989 tThe Margin of the 'Margin' rCoco Fusco, 1990tThe Third Biennial of Havana rLuis Camnitzer, 1990 tInterviews with exhibiting artists tJosé Bedia in conversation with Lucy Steeds tLázaro Saavedra in conversation with Rachel Weiss tAlex Angeles and Alfredo Márquez in conversation with Rachel WeisstAuthor biographies tSelected Bibliography tPicture credits for the installation and event views tAcknowledgements tIndex  xarte contemporáneo xarte - exhibiciones xsiglo XXxCuba xarte - globalizaciónxBienal de La Habana 1989